<?xml version="1.0" encoding="UTF-8"?>
<collection xmlns:xsi="http://www.w3.org/2001/XMLSchema-instance" xsi:schemaLocation="http://www.loc.gov/MARC21/slim http://www.loc.gov/standards/marcxml/schema/MARC21slim.xsd" xmlns="http://www.loc.gov/MARC21/slim">
 <record>
  <leader>00000cab a22000004cb4500</leader>
  <controlfield tag="001">IPP-00000120681</controlfield>
  <controlfield tag="003">IPP</controlfield>
  <controlfield tag="005">20200702040655.0</controlfield>
  <controlfield tag="008">200702s2012    xx     d | ||r |||||eng||</controlfield>
  <datafield tag="041" ind1="#" ind2="#">
   <subfield code="a">eng</subfield>
  </datafield>
  <datafield tag="100" ind1="1" ind2="#">
   <subfield code="a">Tandug, Leuvina M.</subfield>
  </datafield>
  <datafield tag="245" ind1="1" ind2="0">
   <subfield code="a">Aboveground biomass and carbon stock assessment of forest plantations in Mindanao</subfield>
  </datafield>
  <datafield tag="264" ind1="#" ind2="1">
   <subfield code="c">2012</subfield>
  </datafield>
  <datafield tag="300" ind1="#" ind2="#">
   <subfield code="b">illustrations, tables, bibliography</subfield>
  </datafield>
  <datafield tag="520" ind1="#" ind2="#">
   <subfield code="a">The study was conducted to estimate biomass accumulation of five forest tree plantation species (bagras, falcata, mahogany, mangium and yemane) and quantify the carbon stock of the commercial plantations in Mindanao.&#13;The plantations surveyed had a wide range of stand ages (1-25 years old) and planting density of 191-10,000 trees/ha. Allometric equations developed by ERDB in 2009 based on diameter at breast height and total height were used to predict the tree aboveground biomass and total carbon stock of the plantations.&#13;Based on 273 plots established inside the plantations, the biomass density of the five species ranged from 1 to 1,109 tons ha-1 and carbon density ranged from 1 to 523 tons C ha-1 at different sites.&#13;The mean biomass of the five species is 183.1 tons ha-1 for an average stand of 12 years old. As a whole, the plantations (2,002 ha) contained a total aboveground biomass of 268,228 tons which has sequestered an equivalent of 126,181.9 tons CO2 from the atmosphere.&#13;Region 12, having the highest number of planted forests (1,146 ha), gave the highest total biomass of 111,108.6 tons. This was followed by Region 13 (71,174.4 tons) and Region 11 (34,546.9 tons), respectively.&#13;The total carbon stock of the plantations surveyed was 126,181.9 tons C which is equivalent to 463,084 tons CO2 sequestered from the atmosphere. Among the five forest tree species evaluated, mangium stored and sequestered the biggest amount of carbon. With a total of 328.3 ha of plantations, mangium was able to store 53,930 t C. This represents 42.8% of the total amount of carbon stored by the plantations in Mindanao.</subfield>
  </datafield>
  <datafield tag="650" ind1="1" ind2="0">
   <subfield code="a">Allometry</subfield>
  </datafield>
  <datafield tag="650" ind1="2" ind2="0">
   <subfield code="a">Biomass</subfield>
  </datafield>
  <datafield tag="650" ind1="2" ind2="0">
   <subfield code="a">Carbon sequestration</subfield>
  </datafield>
  <datafield tag="650" ind1="2" ind2="0">
   <subfield code="a">Plant allometry</subfield>
  </datafield>
  <datafield tag="650" ind1="2" ind2="0">
   <subfield code="a">Plant biomass</subfield>
  </datafield>
  <datafield tag="650" ind1="2" ind2="0">
   <subfield code="a">Plants</subfield>
   <subfield code="x">Research</subfield>
  </datafield>
  <datafield tag="650" ind1="2" ind2="0">
   <subfield code="a">Tree farms</subfield>
   <subfield code="x">Sultan Kudarat (Mindanao)</subfield>
  </datafield>
  <datafield tag="773" ind1="0" ind2="#">
   <subfield code="t">Sylvatrop</subfield>
   <subfield code="g">Vol. 22, no. 1 &amp; 2 (Jan. 2012 - Dec. 2012), 1-28</subfield>
  </datafield>
  <datafield tag="852" ind1="#" ind2="#">
   <subfield code="a">UPD</subfield>
   <subfield code="b">DMLP</subfield>
  </datafield>
  <datafield tag="942" ind1="#" ind2="#">
   <subfield code="a">Article</subfield>
  </datafield>
  <datafield tag="950" ind1="#" ind2="#">
   <subfield code="a">FI</subfield>
  </datafield>
 </record>
</collection>
